| 000 | 00425nam a2200157Ia 4500 | ||
|---|---|---|---|
| 008 | 240729s9999 xx 000 0 und d | ||
| 022 | _a1998-3689 | ||
| 245 | 0 | _aIndian Journal of Ophthalmology | |
| 260 | _aIndia | ||
| 260 | _bWolters Kluwer Medknow Publications | ||
| 650 | _a Ophthalmology | ||
| 650 | _aMedicine | ||
| 856 | _uhttps://doaj.org/toc/e9abed9c6ebc406295ed3f5eac765768 | ||
| 942 | _2ddc | ||
| 942 | _cDOAJEJ | ||
| 999 |
_c70246 _d70246 |
||
| 945 |
_a1 _bMadushi Gamage _c1 _dMadushi Gamage |
||